000 00320nam a2200109Ia 4500
008 220120s9999||||xx |||||||||||||| ||und||
100 _aPucknell, Douglas, A and Eshraghian, Kamaran
_91232
245 0 _aBasic VLSI design
260 _aPrentice hall of india
_bDelhi
_c2000
300 _b125
650 _aCOMMUNICATION SYSTEM
999 _c137303
_d137303